[Event "OGD Prinsenstad-toernooi - A groep"]
[Site "Delft"]
[Date "2008.01.06"]
[Round "5.9"]
[White "Van der Lende, Ilias"]
[Black "Van Overdam, Jan"]
[Result "0-1"]
[WhiteElo "2018"]
[BlackElo "1923"]
[PlyCount "128"]
[EventDate "2008.01.04"]
[EventType "swiss"]
[EventRounds "6"]
[EventCountry "NED"]
[Source "DSC"]
[SourceDate "2008.04.25"]

1. e4 c5 2. c3 Nc6 3. d4 cxd4 4. cxd4 d5 5. e5 Bf5 6. Nf3 e6 7. Nc3 Bb4 8. Be3
Nge7 9. Bd3 O-O 10. O-O Bxc3 11. bxc3 Rc8 12. Bg5 Qc7 13. Bxe7 Nxe7 14. Bxf5
Nxf5 15. Rc1 Qa5 16. Qb3 Rc7 17. Rc2 Rfc8 18. Rfc1 Qa6 19. h3 Rc6 20. a3 Rb6
21. Qa2 Qc4 22. Nd2 Qxa2 23. Rxa2 Rbc6 24. Rb1 b6 25. g4 Ne7 26. Rc2 Rxc3 27.
Rxc3 Rxc3 28. Rb3 Rc2 29. Rd3 Nc6 30. Nb3 Kf8 31. Kg2 Ke7 32. Kf3 Rc4 33. Ke3
Ra4 34. Nd2 Na5 35. Rc3 Nc4+ 36. Nxc4 Rxc4 37. Rb3 Kd7 38. g5 Kc6 39. Kd3 b5
40. h4 g6 41. Ke3 a5 42. Kd3 b4 43. axb4 axb4 44. Rb1 Kb5 45. Ra1 b3 46. Ra7
Rb4 47. Rb7+ Ka5 48. Ra7+ Kb6 49. Ra1 b2 50. Rb1 Kb5 51. Kc2 Kc4 52. f4 Kxd4
53. Rd1+ Ke4 54. Kb1 Kxf4 55. Rf1+ Kxe5 56. Rxf7 d4 57. Rxh7 d3 58. Rd7 Rd4 59.
Rxd4 Kxd4 60. Kxb2 Ke5 61. Kc3 Kf5 62. Kxd3 Kg4 63. Ke4 Kxh4 64. Kf4 Kh5 0-1

[Event "OGD Prinsenstad-toernooi - A groep"]
[Site "Delft"]
[Date "2008.01.06"]
[Round "5.10"]
[White "Bok, Benjamin"]
[Black "De Waard, Remko"]
[Result "1-0"]
[WhiteElo "2136"]
[BlackElo "2136"]
[PlyCount "105"]
[EventDate "2008.01.04"]
[EventType "swiss"]
[EventRounds "6"]
[EventCountry "NED"]
[Source "DSC"]
[SourceDate "2008.04.25"]

1. e4 e6 2. d4 d5 3. Nd2 Nf6 4. e5 Nfd7 5. Bd3 c5 6. c3 Nc6 7. Ne2 Qb6 8. Nf3
cxd4 9. cxd4 f6 10. Nf4 fxe5 11. Nxe5 Bb4+ 12. Kf1 Ndxe5 13. dxe5 Nxe5 14. Qh5+
Nf7 15. Bxh7 Qd4 16. g3 Qe5 17. Qxe5 Nxe5 18. Ng6 Rxh7 19. Nxe5 Bd6 20. f4 Bxe5
21. fxe5 b6 22. Bg5 Bb7 23. h4 Rc8 24. Rc1 Rxc1+ 25. Bxc1 Rh8 26. Kf2 Kf7 27.
Bg5 Rc8 28. Rc1 Rxc1 29. Bxc1 Ba6 30. Bg5 Bc4 31. b3 Bd3 32. Ke3 Bf1 33. Bd8 b5
34. Kd4 Kg6 35. b4 Kf5 36. Bg5 Bc4 37. a3 Bf1 38. Bf4 Bc4 39. Kc5 g6 40. Kd6
Bf1 41. Be3 a6 42. g4+ Ke4 43. Bg5 Bh3 44. Kxe6 Bxg4+ 45. Kf6 d4 46. e6 d3 47.
e7 Bd7 48. Kf7 Kd4 49. e8=Q Bxe8+ 50. Kxe8 Kc3 51. Kf7 d2 52. Bxd2+ Kxd2 53.
Kxg6 1-0

[Event "OGD Prinsenstad-toernooi - A groep"]
[Site "Delft"]
[Date "2008.01.06"]
[Round "5.12"]
[White "De Wit, Cor"]
[Black "Van Putten, Henk"]
[Result "0-1"]
[WhiteElo "1993"]
[BlackElo "2247"]
[PlyCount "50"]
[EventDate "2008.01.04"]
[EventType "swiss"]
[EventRounds "6"]
[EventCountry "NED"]
[Source "DSC"]
[SourceDate "2008.04.25"]

1. e4 c6 2. d4 d5 3. f3 Qb6 4. c4 e5 5. dxe5 Bc5 6. Nh3 Bxh3 7. gxh3 Bf2+ 8.
Ke2 dxe4 9. Qb3 Bg1 10. Qxb6 exf3+ 11. Kxf3 Bxb6 12. Nc3 Ne7 13. Ne4 O-O 14. c5
Bc7 15. Nd6 Nd7 16. b4 Nxe5+ 17. Ke4 Bxd6 18. cxd6 N7g6 19. Bb2 Rfe8 20. Kf5
Re6 21. Rd1 Rf6+ 22. Ke4 Re8 23. d7 Nxd7+ 24. Kd3 Rf2 25. Rd2 Nc5+ 0-1

[Event "OGD Prinsenstad-toernooi - A groep"]
[Site "Delft"]
[Date "2008.01.06"]
[Round "5.22"]
[White "Segers, Hans"]
[Black "Borst, Filip"]
[Result "1-0"]
[WhiteElo "2006"]
[BlackElo "1892"]
[Annotator "Prinsenstad-toernooi"]
[PlyCount "59"]
[EventDate "2008.01.04"]
[EventType "swiss"]
[EventRounds "6"]
[EventCountry "NED"]
[Source "DSC"]
[SourceDate "2008.04.25"]

1. e4 c5 2. Nf3 d6 3. d4 cxd4 4. Nxd4 Nf6 5. Nc3 g6 6. Be3 Bg7 7. Qd2 O-O 8.
Bh6 Bxh6 9. Qxh6 Nc6 10. O-O-O Nxd4 11. Rxd4 Qa5 12. Bc4 Qc5 13. Rhd1 Ng4 14.
Qh4 e5 {
Diagram # In deze stelling kiest wit voor een spectaculaire voortzetting:} 15.
b4 $1 Qc6 16. Nd5 $1 Kg7 17. h3 $1 {Wit geeft de kwaliteit.} exd4 18. hxg4 f6
19. Rh1 h5 20. gxh5 g5 21. h6+ {Diagram #} Kh7 $2 (21... Kh8 22. Qh5 Be6 23.
Bb3 d3 24. Qg6 Rf7 $13) 22. Nxf6+ $1 Kg6 (22... Rxf6 $2 23. Qxg5 Rg6 24. Qe7+
Kh8 25. Qf8+ Kh7 26. Qf7+ Kh8 27. Qxg6 -- 28. Qg7#) 23. Qh5+ Kxf6 24. h7 Bf5 {
Diagram #} 25. Bd5 $6 {Een gemiste kans, maar niet slecht.} ({Direct uit is} 
25. h8=Q+ Ke7 (25... Rxh8 26. Qf7+ Ke5 27. Qxf5#) 26. Qxg5+ Kd7 27. Qgg7+ Kd8
28. Qhxf8+ Qe8 29. Qxe8+ Kxe8 30. Rh8#) 25... Bg6 $2 (25... Qe8 26. Qf3 Kg7 27.
exf5 $16) 26. Qg4 $2 (26. Qf3+ Kg7 27. h8=Q+ $1 {
en nu blijft de zwarte dame instaan.}) 26... Qc3 $2 (26... Qc8 $1 27. Qg3 $11)
27. Qe6+ Kg7 28. h8=Q+ Rxh8 29. Qe7+ Bf7 30. Qxf7# 1-0

[Event "OGD Prinsenstad-toernooi - A groep"]
[Site "Delft"]
[Date "2008.01.06"]
[Round "6.1"]
[White "Van den Doel, Erik"]
[Black "Li, Shilong"]
[Result "1-0"]
[WhiteElo "2584"]
[BlackElo "2484"]
[Annotator "Prinsenstad-toernooi"]
[PlyCount "139"]
[EventDate "2008.01.04"]
[EventType "swiss"]
[EventRounds "6"]
[EventCountry "NED"]
[Source "DSC"]
[SourceDate "2008.04.25"]

1. e4 c5 2. Nf3 e6 3. d4 cxd4 4. Nxd4 Nc6 5. Nc3 Qc7 6. Be2 a6 7. O-O Nf6 8.
Be3 Bb4 9. Na4 O-O 10. Nxc6 bxc6 11. Nb6 Rb8 12. Nxc8 Rfxc8 13. Bxa6 Rd8 14.
Bd3 Bd6 15. f4 e5 16. b3 exf4 17. Bd4 f3 18. e5 Bxe5 19. Bxe5 f2+ 20. Kh1 Qxe5
21. Qf3 d5 22. Qxf2 Rf8 23. Qf4 Qc3 24. a4 Qa5 25. Qd6 Ne4 $6 (25... Qc3) 26.
Qxc6 f5 $2 27. b4 $5 (27. c4 $1 dxc4 (27... Nd2 28. Rxf5) 28. Bxe4 fxe4 29.
Qxc4+ Kh8 30. Qxe4 $18) 27... Qxb4 (27... Rxb4) 28. Qxd5+ Kh8 29. a5 Rbd8 30.
Qe5 Rde8 31. Qf4 g5 32. Qc7 Qd4 33. Bxe4 fxe4 34. c3 Qd3 35. Rxf8+ Rxf8 36.
Qe5+ Kg8 37. Qxg5+ Kh8 38. Qe5+ Kg8 39. Qg3+ Kf7 40. Qxd3 exd3 41. Kg1 Ke6 42.
Rd1 Rd8 43. Kf2 Rd5 44. a6 Ra5 45. Rxd3 Ra2+ 46. Kg3 Rxa6 47. c4 Rc6 48. Rd4
Ke5 49. Rh4 Rg6+ 50. Kf3 h6 51. Ke3 Rxg2 52. Rxh6 Ra2 53. Rh5+ Kd6 54. h4 Rh2
55. Kd4 Rd2+ 56. Kc3 Rh2 57. Rd5+ Kc6 58. h5 Rh1 59. Rg5 Rh2 60. Kd3 Rh4 61.
Kc3 Rh1 62. Kd4 Rh4+ 63. Ke5 Rxc4 64. h6 Rh4 65. Rg6+ Kd7 66. Kf6 Rf4+ 67. Kg7
Ke7 68. h7 Rf7+ 69. Kh6 Rf8 70. Rg8 1-0

[Event "OGD Prinsenstad-toernooi - A groep"]
[Site "Delft"]
[Date "2008.01.06"]
[Round "6.2"]
[White "Reinderman, Dimitri"]
[Black "Pietrow, Andrzej"]
[Result "1-0"]
[WhiteElo "2506"]
[BlackElo "2039"]
[PlyCount "64"]
[EventDate "2008.01.04"]
[EventType "swiss"]
[EventRounds "6"]
[EventCountry "NED"]
[Source "DSC"]
[SourceDate "2008.04.25"]

1. c4 e6 2. Nc3 d5 3. d4 c5 4. cxd5 exd5 5. Nf3 Nc6 6. g3 Nf6 7. Bg2 Be7 8. O-O
O-O 9. dxc5 Bxc5 10. Bg5 Be6 11. Ne1 Be7 12. Nd3 Qd7 13. Qa4 h6 14. Bxf6 Bxf6
15. Rfd1 Bxc3 16. bxc3 Rfd8 17. Nf4 Ne7 18. Qa3 Qd6 19. Qxd6 Rxd6 20. e4 Rad8
21. exd5 Nxd5 22. Nxe6 fxe6 23. c4 Nc3 24. Rxd6 Rxd6 25. Bxb7 Rb6 26. Bf3 Kf7
27. Kf1 Rb4 28. c5 Rc4 29. c6 Nd5 30. Rd1 Rxc6 31. Rxd5 Ke7 32. Rd1 a6 1-0

[Event "OGD Prinsenstad-toernooi - A groep"]
[Site "Delft"]
[Date "2008.01.06"]
[Round "6.5"]
[White "Van Overdam, Jan"]
[Black "Pel, Bonno"]
[Result "0-1"]
[WhiteElo "1923"]
[BlackElo "2281"]
[PlyCount "66"]
[EventDate "2008.01.04"]
[EventType "swiss"]
[EventRounds "6"]
[EventCountry "NED"]
[Source "DSC"]
[SourceDate "2008.04.25"]

1. e4 d6 2. d4 g6 3. Nc3 Bg7 4. f4 a6 5. Nf3 b5 6. Bd3 Nd7 7. O-O c5 8. Be3
Ngf6 9. h3 c4 10. Be2 b4 11. Nb1 Nxe4 12. Bxc4 Nb6 13. Bb3 O-O 14. Nbd2 Nf6 15.
a3 Nbd5 16. Qe2 bxa3 17. Rxa3 Bb7 18. Bc4 Nxe3 19. Qxe3 Qc7 20. Rfa1 Bh6 21. g4
Nd5 22. Bxd5 Bxd5 23. g5 Bg7 24. c3 Bb7 25. Nb3 Qd7 26. Kg2 f6 27. Rf1 fxg5 28.
fxg5 Rf5 29. Na5 Qb5 30. Rf2 Rxg5+ 31. Kh2 Bxf3 32. c4 Qd7 33. Qxg5 Be4 0-1

[Event "OGD Prinsenstad-toernooi - A groep"]
[Site "Delft"]
[Date "2008.01.06"]
[Round "6.6"]
[White "Van Oosterom, Chiel"]
[Black "Dessing, Bastiaan"]
[Result "1-0"]
[WhiteElo "2393"]
[BlackElo "2022"]
[PlyCount "67"]
[EventDate "2008.01.04"]
[EventType "swiss"]
[EventRounds "6"]
[EventCountry "NED"]
[Source "DSC"]
[SourceDate "2008.04.25"]

1. e4 d6 2. d4 Nf6 3. Nc3 g6 4. Be3 c6 5. h3 Bg7 6. Qd2 Nbd7 7. g4 b5 8. Bg2
O-O 9. f4 Nb6 10. b3 e5 11. dxe5 dxe5 12. f5 gxf5 13. exf5 Qxd2+ 14. Bxd2 Nfd5
15. Ne4 Rd8 16. Ne2 b4 17. O-O Ba6 18. Rae1 f6 19. h4 Bf8 20. g5 Be7 21. Rf2
Nd7 22. N2g3 Kh8 23. Bf1 Bxf1 24. Rexf1 Rg8 25. Rg2 a5 26. Kh1 a4 27. Nh5 axb3
28. axb3 Ra2 29. g6 Bf8 30. g7+ Bxg7 31. Rfg1 Raa8 32. Nd6 Raf8 33. Rxg7 Rxg7
34. Rxg7 1-0

[Event "OGD Prinsenstad-toernooi - A groep"]
[Site "Delft"]
[Date "2008.01.06"]
[Round "6.8"]
[White "Meulenbroek, Kim"]
[Black "Bok, Benjamin"]
[Result "1/2-1/2"]
[WhiteElo "2038"]
[BlackElo "2136"]
[PlyCount "88"]
[EventDate "2008.01.04"]
[EventType "swiss"]
[EventRounds "6"]
[EventCountry "NED"]
[Source "DSC"]
[SourceDate "2008.04.25"]

1. e4 e5 2. Nf3 Nc6 3. Bb5 a6 4. Ba4 Nf6 5. d3 b5 6. Bb3 Be7 7. O-O O-O 8. Nbd2
d6 9. c3 Na5 10. Bc2 c5 11. Re1 Re8 12. Nf1 h6 13. Ng3 Bf8 14. d4 Qc7 15. d5 c4
16. b4 cxb3 17. axb3 Bd7 18. Bd2 Nb7 19. Qe2 a5 20. Rec1 Rec8 21. Ne1 g6 22. b4
axb4 23. cxb4 Nd8 24. Bd3 Qb7 25. Rxc8 Rxc8 26. Ra5 Rb8 27. f3 Ne8 28. Be3 Nc7
29. Qa2 Ra8 30. Ne2 Na6 31. Qa3 Be7 32. Nc3 Bg5 33. Bf2 Bd2 34. Nc2 Rc8 35. Na2
Ra8 36. Kf1 Qc8 37. Ke2 Bg5 38. Nc3 Nb7 39. Rxa6 Rxa6 40. Qxa6 Qxc3 41. Be1 Qc7
42. Kd1 f5 43. Bxb5 fxe4 44. fxe4 Bxb5 1/2-1/2

[Event "OGD Prinsenstad-toernooi - A groep"]
[Site "Delft"]
[Date "2008.01.06"]
[Round "6.18"]
[White "Rose, Tom"]
[Black "Voogt, Bob"]
[Result "0-1"]
[WhiteElo "1996"]
[BlackElo "1993"]
[PlyCount "114"]
[EventDate "2008.01.04"]
[EventType "swiss"]
[EventRounds "6"]
[EventCountry "NED"]
[Source "DSC"]
[SourceDate "2008.04.25"]

1. d4 d5 2. c4 dxc4 3. e4 e5 4. Nf3 exd4 5. Qxd4 Qxd4 6. Nxd4 a6 7. Bxc4 Bc5 8.
Nf3 Nc6 9. Nc3 Nge7 10. Bf4 Bb6 11. Bb3 O-O 12. O-O Bg4 13. Ne5 Nxe5 14. Bxe5
Nc6 15. Bg3 Rfe8 16. Kh1 Ne5 17. f3 Bd7 18. Rfd1 Bc6 19. Bd5 Bxd5 20. Nxd5 Rac8
21. Rac1 f6 22. h3 Kf8 23. Rc3 Red8 24. Kh2 Ba7 25. f4 Ng6 26. Rdc1 c6 27. f5
Ne5 28. Nf4 Kg8 29. Ne6 Rd2 30. Bxe5 fxe5 31. R3c2 Rd6 32. Re1 Bd4 33. Ree2 c5
34. g4 c4 35. h4 h6 36. g5 hxg5 37. hxg5 Kf7 38. Kg3 b5 39. Rh2 Rxe6 40. fxe6+
Kxe6 41. Rh7 Kf7 42. Rch2 Kg6 43. R7h4 b4 44. Rc2 c3 45. bxc3 bxc3 46. Rh1 Kxg5
47. Kf3 Rf8+ 48. Ke2 Rf4 49. Kd3 Rf3+ 50. Kc4 Kf4 51. Rh4+ Ke3 52. Rg4 Rf4 53.
Rxg7 Kxe4 54. Rg6 a5 55. Ra6 Ke3 56. Rxc3+ Bxc3+ 57. Kxc3 a4 0-1

[Event "OGD Prinsenstad-toernooi - B groep"]
[Site "Delft"]
[Date "2008.01.04"]
[Round "1.1"]
[White "Holwijn, Melvin"]
[Black "Fung, Michael"]
[Result "1-0"]
[WhiteElo "1976"]
[BlackElo "1761"]
[PlyCount "73"]
[EventDate "2008.01.04"]
[EventType "swiss"]
[EventRounds "6"]
[EventCountry "NED"]
[Source "DSC"]
[SourceDate "2008.04.25"]

1. d4 Nf6 2. c4 c5 3. Nf3 cxd4 4. Nxd4 Nc6 5. Nc3 g6 6. g3 Bg7 7. Nxc6 bxc6 8.
Bg2 O-O 9. O-O Rb8 10. Rb1 c5 11. Qa4 Qb6 12. Bg5 Qa6 13. Qxa6 Bxa6 14. b3 Bb7
15. Bxb7 Rxb7 16. Bxf6 Bxf6 17. Ne4 d6 18. Nxf6+ exf6 19. Rfd1 Rd8 20. e4 Kf8
21. Rd5 Ke7 22. f4 Rc8 23. Rbd1 Rc6 24. g4 h6 25. h4 a5 26. e5 fxe5 27. fxe5
Rbb6 28. Re1 Kd7 29. g5 hxg5 30. hxg5 a4 31. Re3 axb3 32. axb3 Rc7 33. Rf3 Ke7
34. Rf6 Rcc6 35. exd6+ Rxd6 36. Rfxd6 Rxd6 37. Rxc5 1-0

[Event "OGD Prinsenstad-toernooi - B groep"]
[Site "Delft"]
[Date "2008.01.04"]
[Round "1.2"]
[White "Boes, Robert"]
[Black "Al, Alexander"]
[Result "0-1"]
[WhiteElo "1759"]
[BlackElo "1960"]
[Annotator "Prinsenstad-toernooi"]
[PlyCount "58"]
[EventDate "2008.01.04"]
[EventType "swiss"]
[EventRounds "6"]
[EventCountry "NED"]
[Source "DSC"]
[SourceDate "2008.04.25"]

1. e4 e6 2. d4 d5 3. Nd2 Nf6 4. e5 Nfd7 5. Bd3 c5 6. c3 Nc6 7. Ne2 cxd4 8. cxd4
f6 9. exf6 Nxf6 10. O-O Bd6 11. Nf3 Qc7 12. Bg5 O-O 13. Ng3 Ng4 14. Rc1 g6 15.
Bd2 Qg7 16. Bc3 Bd7 17. Be2 Rae8 18. Qb3 Bc8 19. Rfd1 g5 20. Be1 Qh6 21. Nf1
Nf6 22. Bd2 Ne4 23. Be3 Qg7 24. N3d2 Nxd4 25. Bxd4 Qxd4 26. Nxe4 Qxe4 27. Bf3
Qf5 28. Bxd5 exd5 29. Rxd5 Qxf2+ (29... Qxf2+ 30. Kh1 Qxf1+ 31. Rxf1 Rxf1#) 0-1

[Event "OGD Prinsenstad-toernooi - B groep"]
[Site "Delft"]
[Date "2008.01.04"]
[Round "1.3"]
[White "Becic, Zijad"]
[Black "Bilars, Gerard"]
[Result "1/2-1/2"]
[WhiteElo "1946"]
[BlackElo "1749"]
[PlyCount "86"]
[EventDate "2008.01.04"]
[EventType "swiss"]
[EventRounds "6"]
[EventCountry "NED"]
[Source "DSC"]
[SourceDate "2008.04.25"]

1. e4 d5 2. exd5 Qxd5 3. d4 Nf6 4. Nf3 a6 5. c4 Qd8 6. Nc3 Bg4 7. Be2 e6 8. O-O
Nbd7 9. Re1 Be7 10. h3 Bh5 11. Bf4 O-O 12. a3 c5 13. d5 exd5 14. cxd5 Re8 15.
d6 Bf8 16. Qd3 Bg6 17. Qd1 b5 18. Nh4 Be4 19. Bf3 Bxf3 20. Qxf3 Qb6 21. Nf5
Rxe1+ 22. Rxe1 Re8 23. Rxe8 Nxe8 24. Nd5 Qa5 25. b4 cxb4 26. axb4 Qa1+ 27. Kh2
Qe1 28. Qe3 Qxe3 29. fxe3 f6 30. Kg1 Kf7 31. Nc7 g6 32. Nd4 Nxc7 33. dxc7 Nb6
34. Nc6 Ke8 35. Kf2 Kd7 36. Nb8+ Kc8 37. Nxa6 Nd5 38. Bg3 Nxb4 39. Nb8 Nd5 40.
Ke2 Nxc7 41. Nc6 b4 42. Kd3 Kd7 43. Na5 Nd5 1/2-1/2

[Event "OGD Prinsenstad-toernooi - B groep"]
[Site "Delft"]
[Date "2008.01.04"]
[Round "1.4"]
[White "Kemeling, Albert"]
[Black "Burggraaf, Jan-Theodoor"]
[Result "0-1"]
[WhiteElo "1745"]
[BlackElo "1940"]
[PlyCount "70"]
[EventDate "2008.01.04"]
[EventType "swiss"]
[EventRounds "6"]
[EventCountry "NED"]
[Source "DSC"]
[SourceDate "2008.04.25"]

1. e4 g6 2. d4 Bg7 3. Nf3 d6 4. Be2 Nd7 5. O-O a6 6. c3 b6 7. Re1 Bb7 8. Bd3 e5
9. Qb3 Ngf6 10. Ng5 O-O 11. Bc4 Qe7 12. Bxf7+ Rxf7 13. Qxf7+ Qxf7 14. Nxf7 Kxf7
15. f3 Re8 16. Na3 d5 17. exd5 exd4 18. Rxe8 Nxe8 19. c4 c6 20. dxc6 Bxc6 21.
Bf4 d3 22. Rd1 Bxb2 23. Rxd3 Ne5 24. Bxe5 Bxe5 25. g3 g5 26. Kf2 Bd6 27. Nc2
Bc5+ 28. Ke2 b5 29. Na3 b4 30. Nc2 Nd6 31. a3 a5 32. axb4 axb4 33. Rb3 Ba4 34.
Rb2 Nxc4 35. Ra2 Bb5 0-1

[Event "OGD Prinsenstad-toernooi - B groep"]
[Site "Delft"]
[Date "2008.01.04"]
[Round "1.5"]
[White "Van der Stap, Harry jr."]
[Black "Van Dongen, Leo"]
[Result "1/2-1/2"]
[WhiteElo "1791"]
[BlackElo "1744"]
[PlyCount "40"]
[EventDate "2008.01.04"]
[EventType "swiss"]
[EventRounds "6"]
[EventCountry "NED"]
[Source "DSC"]
[SourceDate "2008.04.25"]

1. d4 Nf6 2. Nf3 g6 3. Bg5 Bg7 4. e3 h6 5. Bh4 d6 6. Bd3 Nc6 7. c3 Bg4 8. h3
Bd7 9. Nbd2 e5 10. Ne4 g5 11. Bg3 Qe7 12. dxe5 dxe5 13. Nxf6+ Bxf6 14. Qc2
O-O-O 15. O-O-O Rhe8 16. Bf5 Bg7 17. Bxd7+ Rxd7 18. Rxd7 Qxd7 19. Rd1 Qe6 20.
Qa4 f5 1/2-1/2

[Event "OGD Prinsenstad-toernooi - B groep"]
[Site "Delft"]
[Date "2008.01.04"]
[Round "1.7"]
[White "Anink, Marco"]
[Black "Van der Gaag, Frits"]
[Result "0-1"]
[WhiteElo "1893"]
[BlackElo "1727"]
[PlyCount "80"]
[EventDate "2008.01.04"]
[EventType "swiss"]
[EventRounds "6"]
[EventCountry "NED"]
[Source "DSC"]
[SourceDate "2008.04.25"]

1. d4 d5 2. c4 e6 3. Nc3 Nf6 4. cxd5 exd5 5. Bg5 Be7 6. Qc2 Be6 7. e3 Nbd7 8.
Bd3 h6 9. Bh4 c5 10. Nge2 O-O 11. Bg3 c4 12. Bf5 a6 13. Bxe6 fxe6 14. Nf4 Qb6
15. O-O Qc6 16. f3 b5 17. a3 a5 18. Nce2 b4 19. Ng6 Rf7 20. Nxe7+ Rxe7 21. axb4
axb4 22. Rxa8+ Qxa8 23. Bd6 b3 24. Qg6 Re8 25. Nc3 Qc6 26. Bf4 Nf8 27. Qb1 Nh5
28. Be5 Nd7 29. Qg6 Nhf6 30. f4 Re7 31. Ra1 Nxe5 32. fxe5 Ne4 33. Nxe4 dxe4 34.
g4 c3 35. bxc3 b2 36. Rf1 Rb7 37. Rb1 Qxc3 38. Qxe4 Rf7 39. Rd1 Qc1 40. Qd3 Rc7
0-1

[Event "OGD Prinsenstad-toernooi - B groep"]
[Site "Delft"]
[Date "2008.01.04"]
[Round "1.13"]
[White "Moerkerken, Remko"]
[Black "Vriens, Huib"]
[Result "1-0"]
[WhiteElo "1830"]
[BlackElo "1702"]
[Annotator "Prinsenstad-toernooi"]
[PlyCount "59"]
[EventDate "2008.01.04"]
[EventType "swiss"]
[EventRounds "6"]
[EventCountry "NED"]
[Source "DSC"]
[SourceDate "2008.04.25"]

1. e4 e5 2. f4 g6 3. Nf3 exf4 4. Bc4 d6 5. d4 Bh6 6. O-O Nc6 7. Qe1 g5 8. e5 d5
9. Bb5 Be6 10. Nc3 Nge7 11. h4 Ng6 12. hxg5 Bxg5 13. Nxg5 Qxg5 14. Qf2 Rg8 15.
Ne2 Bh3 16. Kh2 Be6 17. Bxf4 Qh5+ 18. Kg1 Nh4 19. Bg3 (19. Ng3) 19... Nf5 20.
c3 Qg6 21. Bd3 Nce7 22. Bh4 Qg4 23. Bxe7 Ne3 $2 (23... Nxe7) 24. Bf6 $2 (24.
Bh4 Nxg2 25. Bg3 $18) 24... Nxg2 25. Qf3 (25. Qg3 $5 Qxg3 26. Nxg3 Rxg3 27.
Bb5+ c6 28. Kf2 Rg8 29. Bd3 $16) 25... Qxf3 $2 26. Rxf3 Ne1+ 27. Kf2 Bg4 $4 (
27... Nxf3 28. Kxf3) 28. Rxe1 Bxf3 29. Kxf3 Kd7 30. Bxh7 1-0

[Event "OGD Prinsenstad-toernooi - B groep"]
[Site "Delft"]
[Date "2008.01.04"]
[Round "1.17"]
[White "Nobel, Corniel"]
[Black "Berger, Otto"]
[Result "0-1"]
[WhiteElo "1745"]
[BlackElo "1663"]
[Annotator "Prinsenstad-toernooi"]
[PlyCount "58"]
[EventDate "2008.01.04"]
[EventType "swiss"]
[EventRounds "6"]
[EventCountry "NED"]
[Source "DSC"]
[SourceDate "2008.04.25"]

1. e4 e5 2. f4 exf4 3. Nf3 h6 4. d4 g5 5. Bc4 Bg7 6. O-O d6 7. c3 Nc6 8. Qb3
Na5 $6 (8... Qd7) 9. Bxf7+ Kf8 10. Qa3 Kxf7 11. Qxa5 Ne7 (11... Nf6 12. e5 Nh5
13. Nbd2) 12. Nxg5+ {?!?} (12. Nbd2 Rf8) 12... hxg5 13. Qxg5 Bf6 14. Rxf4 (14.
Qxf4 Ng6 15. Qg3 Kg7 16. Be3) 14... Ng6 15. Rf1 (15. e5 $2 Nxf4 16. Qxf4 dxe5
17. dxe5 Re8 $1 18. exf6 $2 Qd1+ $19) 15... Kg7 16. Qb5 Qe7 17. Nd2 Rh4 18. e5
$6 (18. g3 Rg4 19. Qd3) 18... dxe5 19. Nf3 Rh5 20. dxe5 $6 (20. Be3 c6 21. Qe2)
20... Nxe5 21. Qb3 Be6 22. Qxb7 Qc5+ $6 (22... Rah8 23. Qe4 Nxf3+ 24. Qxf3 Rxh2
25. Qg3+ Kf7 26. Qxh2 Qc5+ 27. Kh1 Rxh2+ 28. Kxh2 Kg6 29. Bf4 $19) 23. Nd4 Bd5
24. Qa6 Ng4 $2 (24... Qb6 25. Bh6+ Kg6 (25... Rxh6 26. Qxb6 Nf3+ 27. Rxf3 axb6
28. Nf5+ Kg6 29. Nxh6 Bxf3 30. gxf3 Kxh6 $17) 26. Qxb6 axb6 27. Ne2 $19) 25.
Be3 $6 (25. Rf4 $1 Rh4 26. Rxf6 $3 Nxf6 27. Bg5 Qb6 28. Qxb6 axb6 29. Bxh4 $18)
25... Qe7 $1 (25... Nxe3 $6 26. Qxf6+ Kh7 27. Rfe1 Rf8 28. Qxf8 Qxf8 29. Rxe3
$19) 26. Nf5+ $4 Rxf5 27. Rxf5 Qxe3+ 28. Kh1 Rh8 29. h3 Rxh3# 0-1

[Event "OGD Prinsenstad-toernooi - B groep"]
[Site "Delft"]
[Date "2008.01.05"]
[Round "2.2"]
[White "Al, Alexander"]
[Black "Robinson, Roland"]
[Result "1-0"]
[WhiteElo "1960"]
[BlackElo "1795"]
[PlyCount "49"]
[EventDate "2008.01.04"]
[EventType "swiss"]
[EventRounds "6"]
[EventCountry "NED"]
[Source "DSC"]
[SourceDate "2008.04.25"]

1. d4 f5 2. Nc3 Nf6 3. Bg5 g6 4. Bxf6 exf6 5. e3 d5 6. Bd3 c6 7. Qf3 Bd6 8. h4
Qd7 9. Nge2 b6 10. h5 g5 11. g4 fxg4 12. Qxf6 Rf8 13. Qxg5 Qf7 14. O-O-O Ba6
15. Bxa6 Nxa6 16. Qxg4 Nc7 17. e4 Qxf2 18. exd5 Qe3+ 19. Kb1 cxd5 20. Rhe1 Kd8
21. Qg7 Qe7 22. Qg2 Qf7 23. h6 Rg8 24. Qh3 b5 25. Rf1 1-0

[Event "OGD Prinsenstad-toernooi - B groep"]
[Site "Delft"]
[Date "2008.01.05"]
[Round "2.3"]
[White "Wiering, Jelle"]
[Black "Van Heijgen, Diederik"]
[Result "1/2-1/2"]
[WhiteElo "1861"]
[BlackElo "1789"]
[PlyCount "56"]
[EventDate "2008.01.04"]
[EventType "swiss"]
[EventRounds "6"]
[EventCountry "NED"]
[Source "DSC"]
[SourceDate "2008.04.25"]

1. Nf3 d5 2. d4 Nf6 3. c4 c6 4. Nc3 e6 5. Bg5 Be7 6. e3 a6 7. c5 Nbd7 8. Bd3
O-O 9. O-O h6 10. Bh4 Nh5 11. Bxe7 Qxe7 12. Na4 Nhf6 13. Qc2 e5 14. Nxe5 Nxe5
15. dxe5 Qxe5 16. Nb6 Rb8 17. h3 Re8 18. b4 Ne4 19. Nxc8 Rbxc8 20. a4 f5 21.
Bxe4 Qxe4 22. Qxe4 Rxe4 23. Rfb1 d4 24. exd4 Rxd4 25. b5 cxb5 26. axb5 Rxc5 27.
bxa6 bxa6 28. Rxa6 Rd7 1/2-1/2

[Event "OGD Prinsenstad-toernooi - B groep"]
[Site "Delft"]
[Date "2008.01.05"]
[Round "2.4"]
[White "Goes, Sten"]
[Black "Bottema, Timo"]
[Result "1-0"]
[WhiteElo "1848"]
[BlackElo "1774"]
[PlyCount "55"]
[EventDate "2008.01.04"]
[EventType "swiss"]
[EventRounds "6"]
[EventCountry "NED"]
[Source "DSC"]
[SourceDate "2008.04.25"]

1. e4 e5 2. Nf3 Nc6 3. Bc4 Nf6 4. d3 Bc5 5. O-O d6 6. c3 a6 7. b4 Ba7 8. Nbd2
O-O 9. Bb3 Be6 10. Nc4 h6 11. Re1 Ne7 12. h3 Ng6 13. d4 exd4 14. Nxd4 Bd7 15.
Kh1 Re8 16. f3 Ne5 17. Ne3 Nh5 18. Nef5 Nc6 19. Be3 Nxd4 20. Nxd4 Qh4 21. Qd2
Bxd4 22. Bxd4 Bxh3 23. gxh3 Qxh3+ 24. Kg1 c5 25. bxc5 dxc5 26. Bxc5 Re5 27. Be3
a5 28. Qh2 1-0

[Event "OGD Prinsenstad-toernooi - B groep"]
[Site "Delft"]
[Date "2008.01.05"]
[Round "2.5"]
[White "Van der Gaag, Frits"]
[Black "Bons, Maurits"]
[Result "0-1"]
[WhiteElo "1727"]
[BlackElo "1843"]
[PlyCount "44"]
[EventDate "2008.01.04"]
[EventType "swiss"]
[EventRounds "6"]
[EventCountry "NED"]
[Source "DSC"]
[SourceDate "2008.04.25"]

1. e4 e6 2. f4 c5 3. Nf3 Nc6 4. Bc4 g6 5. Nc3 a6 6. a4 d6 7. O-O Bg7 8. Ne2 d5
9. exd5 exd5 10. Ba2 Bg4 11. Qe1 Nge7 12. c3 O-O 13. h3 Bf5 14. d4 cxd4 15.
Nexd4 Bd3 16. Rf2 Re8 17. Qd2 Be4 18. g4 Qb6 19. Nxc6 Nxc6 20. Ng5 Rad8 21. f5
Ne5 22. Nxe4 Nf3+ 0-1